Normal view
MARC view
Entry Personal Name
001 - CONTROL NUMBER
- control field: 3567
003 - CONTROL NUMBER IDENTIFIER
- control field: OSt
005 - DATE AND TIME OF LATEST TRANSACTION
- control field: 20221006112322.0
008 - FIXED-LENGTH DATA ELEMENTS
- fixed length control field: 221006|| aca||aabn | a|a d
040 ## - CATALOGING SOURCE
- Original cataloging agency: OSt
- Transcribing agency: OSt
100 ## - HEADING--PERSONAL NAME
- Personal name: Stein, Edith,
- Titles and other words associated with a name: svätá,
- Dates associated with a name: 1891-1942
670 ## - SOURCE DATA FOUND
- Source citation: Work cat.: (OSt)0: Stein, Edith, svätá, 1891-1942 aut, Príbeh jednej židovskej rodiny